| 000 | 01537nam a2200361Ia 4500 | ||
|---|---|---|---|
| 001 | ebr10738817 | ||
| 003 | CaPaEBR | ||
| 006 | m o u | ||
| 007 | cr cn||||||||| | ||
| 008 | 121105s2013 cauac s 001 0aeng d | ||
| 010 | _z 2012044740 | ||
| 020 | _z9780804785648 | ||
| 020 | _z9780804785112 (cloth : alk. paper) | ||
| 020 | _z0804785112 (cloth : alk. paper) | ||
| 040 |
_aCaPaEBR _cCaPaEBR |
||
| 035 | _a(OCoLC)857069552 | ||
| 050 | 1 | 4 |
_aZ473.L284 _bA3 2013eb |
| 082 | 0 | 4 |
_a070.5092 _aB _223 |
| 100 | 1 |
_aLane, L. W., _cJr. _q(Laurence William), _d1919-2010. |
|
| 245 | 1 | 4 |
_aThe sun never sets _h[electronic resource] : _breflections on a western life / _cL.W. "Bill" Lane, Jr. with Bertrand M. Patenaude ; and an introduction by Kevin Starr. |
| 260 |
_aStanford, Calif. : _bStanford General Books, _c2013. |
||
| 300 |
_axxii, 174 p. : _bill., ports. |
||
| 500 | _aIncludes index. | ||
| 533 |
_aElectronic reproduction. _bPalo Alto, Calif. : _cebrary, _d2013. _nAvailable via World Wide Web. _nAccess may be limited to ebrary affiliated libraries. |
||
| 600 | 1 | 0 |
_aLane, L. W., _cJr. _q(Laurence William), _d1919-2010. |
| 630 | 0 | 0 |
_aSunset _xHistory. |
| 650 | 0 |
_aPublishers and publishing _zCalifornia _vBiography. |
|
| 650 | 0 |
_aAmbassadors _zUnited States _vBiography. |
|
| 655 | 7 |
_aElectronic books. _2local |
|
| 700 | 1 |
_aPatenaude, Bertrand M., _d1956- |
|
| 710 | 2 | _aebrary, Inc. | |
| 856 | 4 | 0 |
_uhttp://site.ebrary.com/lib/rucke/Doc?id=10738817 _zAn electronic book accessible through the World Wide Web; click to view |
| 999 |
_c150610 _d150610 |
||